| 000 | 00725nam a22002297a 4500 | ||
|---|---|---|---|
| 008 | 150330b xxu||||| |||| 00| 0 eng d | ||
| 020 | _a9780071700641 | ||
| 041 | 0 | _aeng | |
| 080 | _a004 | ||
| 100 | _aAnderson, Mark, | ||
| 245 |
_aMicrosoft SQL Server 2008 administration for Oracle DBAs _cMark Anderson, James Fox, Christian Bolton ; technical editor, David Browne. |
||
| 260 |
_aNew York : _bMcGraw-Hill, _c2011. |
||
| 300 |
_a571 f.: _bme il.; _c24 cm. |
||
| 505 | _aIndex; f.547-571 | ||
| 650 | 0 | _aSQL server | |
| 650 | 0 | _aOracle | |
| 650 | 0 | _aMenaxhimi i bazës të të dhënave | |
| 700 | 1 | _aFox, James, | |
| 700 | 1 | _aBolton, Christian. | |
| 700 | 1 | _aBrowne, David. | |
| 942 |
_2udc _cBK |
||
| 999 |
_c581 _d581 |
||